000 00411nam a22001697a 4500
003 MPLRDC
005 20220104114647.0
008 210129b ||||| |||| 00| 0 eng d
082 _a733.8 LY
100 _a李怡
245 _a香港前途与中国政治
_c
250 _a初版
260 _a
_b臻善文化事业公司
_c1985
300 _b
650 _a东亚诸岛屿--香港
942 _cBK
_o733.8 LY
999 _c9227
_d9217